| 000 | 00638cam a22002293a 4500 | ||
|---|---|---|---|
| 001 | 23777 | ||
| 003 | PGUSA | ||
| 005 | 20140828083516.0 | ||
| 008 | 071209s2007||||xxu|||||s|||||000 | eng d | ||
| 040 |
_aPGUSA _beng |
||
| 042 | _adc | ||
| 050 | 4 | _aRC | |
| 100 | 1 |
_aParkinson, James, _d1755-1824 |
|
| 245 | 1 | 3 |
_aAn Essay on the Shaking Palsy _h[electronic resource] / _cJames Parkinson |
| 260 |
_bProject Gutenberg, _c2007 |
||
| 506 | _aPublic domain in the USA. | ||
| 516 | _aElectronic text | ||
| 653 | _aParkinson's disease | ||
| 830 | 0 |
_aProject Gutenberg _v23777 |
|
| 856 | 4 | 0 | _uhttp://www.gutenberg.org/ebooks/23777 |
| 942 | _cEB | ||
| 999 |
_c253032 _d253032 |
||